00988nam a2200253 i 4500001000300000003000900003005001700012008003900029015001700068040003500085080001200120100002600132245009900158260005900257300004200316504002200358521012000380650002000500655001700520650001200537710004500549700004200594856009800636bgKOSZ 00520191116112257.0080513s1961 pl a f |000 0 pol aPB 1961/3280 aWA NcKOSZ 005/RWdKOSZ 005/RW a621.9411 aMiłoś, Stanisław.10aTokarki rewolwerowe :bwyposażenie i użytkowanie /cStanisław Miłoś, Mieczysław Feld. aWarszawa :bPaństwowe Wydawnictwa Techniczne,c1961. a334 s., [1] k. tabl. :bil. ;c24 cm. aBibliogr. s. 334.8 aDla mistrzów, techników i inżynierów oraz jako pomoc dla słuchaczy średnich i wyższych szkół techn. 4aRewolwerówka. 4aPodręcznik 4aTokarka2 aPaństwowe Wydawnictwa Techniczne4pbl.1 aFeld, Mieczysławd(1924-2012)eAutor uhttp://koha.tu.koszalin.pl/cgi-bin/koha/opac-detail.pl?biblionumber=10742yKatalog online BPK